Crafty crime-busting / (Record no. 2047)
[ view plain ]
| 000 -LEADER | |
|---|---|
| fixed length control field | 01305nam a22002417a 4500 |
| 005 - DATE AND TIME OF LATEST TRANSACTION | |
| control field | 20250821134434.0 |
| 020 ## - INTERNATIONAL STANDARD BOOK NUMBER | |
| International Standard Book Number | 9781407114521 |
| 040 ## - CATALOGING SOURCE | |
| Original cataloging agency | FISKH |
| Language of cataloging | eng |
| Transcribing agency | FISKH |
| Modifying agency | FISKH |
| 082 ## - DEWEY DECIMAL CLASSIFICATION NUMBER | |
| Classification number | 340 |
| 100 ## - MAIN ENTRY--PERSONAL NAME | |
| Personal name | Wright, Rachel |
| 245 ## - TITLE STATEMENT | |
| Title | Crafty crime-busting / |
| Statement of responsibility, etc. | TOTALLY IT'S ARRESTING RACHEL WRIGHT |
| 260 ## - PUBLICATION, DISTRIBUTION, ETC. | |
| Place of publication, distribution, etc. | London : |
| Name of publisher, distributor, etc. | Scholastic, |
| Date of publication, distribution, etc. | 2010. |
| 300 ## - PHYSICAL DESCRIPTION | |
| Extent | 126 pages : |
| Dimensions | 19 cm |
| 505 ## - FORMATTED CONTENTS NOTE | |
| Formatted contents note | M |
| 520 ## - SUMMARY, ETC. | |
| Summary, etc. | First criminals could easily get away with murder. Then a killer was caught out by a bloody thumbprint. Now even microscopic clues can be used to collar crooks. This crafty guide gives you the low-down on how the experts crack crime. Sneak a peek inside and you'll uncover the correct way to dust for dabs, how to work out if someone's disguising their handwriting, and why a dead body can reveal crucial clues. Keep your eyes peeled and you'll discover how DNA solved the mystery of a missing princess, why maggots can help to convict a criminal, and which murderer sealed his fate by polishing his shoes. Plus: Try your hand at a spot of DIY detection. Have you got what it takes to crack a case? |
| 521 ## - TARGET AUDIENCE NOTE | |
| Target audience note | 700 |
| Source | Lexile estimate |
| 521 ## - TARGET AUDIENCE NOTE | |
| Target audience note | M |
| Source | Raz-Plus |
| 650 ## - SUBJECT ADDED ENTRY--TOPICAL TERM | |
| Topical term or geographic name entry element | crime |
| 650 ## - SUBJECT ADDED ENTRY--TOPICAL TERM | |
| Topical term or geographic name entry element | investigation |
| 700 ## - ADDED ENTRY--PERSONAL NAME | |
| Personal name | Robertson, Royston |
| Titles and other words associated with a name | Illustrator |
| 942 ## - ADDED ENTRY ELEMENTS (KOHA) | |
| Source of classification or shelving scheme | Dewey Decimal Classification |
| Koha item type | Books |
| Suppress in OPAC | No |
| 999 ## - | |
| -- | 2047 |
| -- | 2047 |
| Withdrawn status | Lost status | Source of classification or shelving scheme | Damaged status | Not for loan | Collection | Home library | Current library | Shelving location | Date acquired | Total Checkouts | Full call number | Barcode | Date last seen | Date last checked out | Price effective from | Koha item type | Copy number |
|---|---|---|---|---|---|---|---|---|---|---|---|---|---|---|---|---|---|
| Dewey Decimal Classification | Juvenile Fiction | Footprints International School Library Network Toul Kork Campus | Footprints International School Library Network Toul Kork Campus | TK Primary Library Room(4th Floor), Bookcase 5&6, Shelves 33-56, Orange Books | 11/02/2023 | 1 | WRI 340 PZ7 | 2023-0726 | 02/07/2025 | 12/06/2024 | 11/02/2023 | Books | |||||
| Dewey Decimal Classification | Juvenile Fiction | Footprints International School Library Network Toul Tom Poung Campus | Footprints International School Library Network Toul Tom Poung Campus | TTP Primary Orange Bookshelves | 05/21/2025 | WRI 340 PZ7 | FISSE00033 | 05/21/2025 | 05/21/2025 | Books | 2 | ||||||
| Dewey Decimal Classification | Juvenile Fiction | Footprints International School Library Network Toul Tom Poung Campus | Footprints International School Library Network Toul Tom Poung Campus | TTP Primary Orange Bookshelves | 08/21/2025 | WRI 340 PZ7 | FISSE00031 | 08/21/2025 | 08/21/2025 | Books | 3 | ||||||
| Dewey Decimal Classification | Juvenile Fiction | Footprints International School Library Network Toul Tom Poung Campus | Footprints International School Library Network Toul Tom Poung Campus | TTP Primary Orange Bookshelves | 08/21/2025 | WRI 340 PZ7 | FIS05438 | 08/21/2025 | 08/21/2025 | Books | 4 | ||||||
| Dewey Decimal Classification | Juvenile Fiction | Footprints International School Library Network Toul Tom Poung Campus | Footprints International School Library Network Toul Tom Poung Campus | TTP Primary Orange Bookshelves | 10/20/2025 | WRI 340 PZ7 | 2025-4686 | 10/20/2025 | 10/20/2025 | Books | 5 |
